Queen Discography - Statistics

General Stats
  • This quiz has been taken 102 times
  • The average score is 13 of 15
Answer Stats
Release Date Album Most Succesful Music % Correct
1975 A Night At The Opera Bohemian Rhapsody
99%
1973 Queen Keep Yourself Alive
96%
1978 Jazz Don't Stop Me Now
95%
1974 (March) Queen II Seven Seas Of Rhye
93%
1977 News Of The World We Will Rock You
90%
1974 (November) Sheer Heart Attack Killer Queen
90%
1976 A Day At The Races Somebody To Love
88%
1986 A Kind Of Magic A Kind Of Magic
86%
1991 Innuendo The Show Must Go On
85%
1980 (June) The Game Another One Bites The Dust
85%
1984 The Works I Want To Break Free
84%
1982 Hot Space Under Pressure
82%
1980 (December) Flash Gordon Flash's Theme
79%
1989 The Miracle I Want It All
75%
1995 Made In Heaven You Don't Fool Me
74%
No matching quizzes found
Score Distribution
Percent of People with Each Score
Percentile by Number Answered
Your Score History
You have not taken this quiz